Statistics for Countries bordering countries bordering Zambia

Click here to take the quiz!

General Stats

  • This quiz has been taken 50 times
  • The average score is 7 of 9

Answer Stats

Answer% Correct
South Africa
93%
Congo
91%
Central African Republic
85%
Kenya
85%
Rwanda
85%
South Sudan
80%
Burundi
78%
Uganda
76%
Swaziland
61%

Score Distribution

Percentile by Number Answered

Percent of People with Each Score

Your Score History

You have not taken this quiz